counseling procedures (Record no. 227987)
[ view plain ]
| 000 -LEADER | |
|---|---|
| fixed length control field | 00282nam a22001217a 4500 |
| 005 - DATE AND TIME OF LATEST TRANSACTION | |
| control field | 20230719115222.0 |
| 008 - FIXED-LENGTH DATA ELEMENTS--GENERAL INFORMATION | |
| fixed length control field | 230719b ||||| |||| 00| 0 eng d |
| 040 ## - CATALOGING SOURCE | |
| Transcribing agency | AL |
| 041 ## - LANGUAGE CODE | |
| Language code of text/sound track or separate title | eng |
| 100 ## - MAIN ENTRY--PERSONAL NAME | |
| Personal name | Patterson Lewis E |
| 9 (RLIN) | 127725 |
| 245 ## - TITLE STATEMENT | |
| Title | counseling procedures |
| 942 ## - ADDED ENTRY ELEMENTS (KOHA) | |
| Source of classification or shelving scheme | Dewey Decimal Classification |
| Koha item type | Book |
| Withdrawn status | Lost status | Source of classification or shelving scheme | Damaged status | Not for loan | Collection code | Home library | Current library | Date acquired | Total Checkouts | Barcode | Date last seen | Price effective from | Koha item type |
|---|---|---|---|---|---|---|---|---|---|---|---|---|---|
| Discarded | Dewey Decimal Classification | MSW | St Aloysius PG Library | St Aloysius PG Library | 06/17/2002 | PG019473 | 07/19/2023 | 07/19/2023 | Book |